000 00318nam a2200109Ia 4500
008 171211s9999 xx 000 0 und d
245 _a80,000 Hours: Find a fulfilling career that does good
245 _cBenjamin J Todd
260 _c2016
650 _xBUSINESS
856 _uhttp://down.ebook777.com/063/1537324004.pdf
999 _c349446
_d349446